000
00307nam a2200121Ia 4500
008
220216s9999 xx 000 0 und d
245
0
_a
RRIM planting recommendations 1995-7
260
_b
Planters Bulletin
_c
1995
300
_a
51-72
650
_a
Malaysia
650
_a
Planting recommendation
942
_c
JS
999
_c
67376
_d
67376